Clever crafts to decorate your home : edited by Tonia Todman
| Format: | Book |
|---|---|
| Published: |
NSW, Australia :
J.B. Fairtax Press Pty Ltd ,
1992
|
| Subjects: |
MARC
| LEADER | 00000cam a2200000 7i4500 | ||
|---|---|---|---|
| 001 | 0000085287 | ||
| 005 | 20200622.0 | ||
| 008 | 200622 | ||
| 020 | |a 186343108X | ||
| 020 | |a 9781863431088 | ||
| 090 | 0 | 0 | |a 745.5 |b CLE |
| 245 | 0 | 0 | |a Clever crafts to decorate your home : |b edited by Tonia Todman |
| 260 | |a NSW, Australia : |b J.B. Fairtax Press Pty Ltd , |c 1992 | ||
| 300 | |a 112pg. | ||
| 500 | |a Includes index | ||
| 650 | 0 | |a Handling craft | |
| 999 | |a 0000830433 |b Book |c Adult Collection |e Cawangan Segamat | ||
| 999 | |a 0000830436 |b Book |c Adult Collection |e Cawangan Bandar Penawar | ||